000 01005nam a2200277 a 4500
001 66728
003 BD-RjUL
005 20211209081554.0
008 170319s1987 enka|||| |||| 001 0 eng d
035 _a(BD-RjUL)66859
040 _aBD-RjUL
_beng
_cBD-RjUL
_dBD-RjUL
041 _aeng
082 _223
_a615.321
_bLAG 1987
100 _aLachman-White, D. A
_9197533
245 _aA Guide to the medicinal plants of coastal Guyana /
_cD A Lachman-White; C D Adams; Ulric O'D Trotz
260 _aLondon :
_bCommonwealth Science Council,
_c1987.
300 _av, 350 p. :
_bill. ;
_c26 cm.
490 _a CSC technical publication series (Commonwealth Science Council);
_vno. 225.
500 _aIncludes index
650 _aMedicinal plants
_xGuyana
_9197534
650 _aBotany, Medical
_xGuyana
_9197535
700 _aAdams, C D
_9197536
700 _aTrotz, Ulric O.'D
_9197537
830 _a CSC technical publication series (Commonwealth Science Council);
_vno. 225.
_9197539
942 _2ddc
_cBK
999 _c66728
_d66728